After the end of art : contemporary art and the pale of history

Αποθηκεύτηκε σε:
Λεπτομέρειες βιβλιογραφικής εγγραφής
Κύριος συγγραφέας: Danto, Arthur C., 1924-2013
Μορφή: Βιβλίο
Γλώσσα:English
Δημοσίευση: Princeton, NJ : Princeton University Press, c1997.
Σειρά:Bollingen series
A. W. Mellon lectures in the fine arts ; 1995
Θέματα:
Ετικέτες: Προσθήκη ετικέτας
Δεν υπάρχουν, Καταχωρήστε ετικέτα πρώτοι!

MARC

LEADER 00000cam a2200000 i 4500
001 1/63370
008 071119s1997 nju| ||| |||| ||eng||
020 |a 0691002991 
020 |a 9780691002996 
035 |l 10092355 
040 |a GR-MyUa  |b gre  |e AACR2 
041 0 |a eng 
082 7 |a 701.18   |2 (22) 
100 1 |a Danto, Arthur C.,   |d 1924-2013. 
245 1 0 |a After the end of art :   |b contemporary art and the pale of history /   |c Arthur C. Danto. 
260 |a Princeton, NJ :   |b Princeton University Press,   |c c1997. 
300 |a xx, 239 σ. :   |b εικ. ;   |c 24 εκ. 
490 1 |a (The A.W. Mellon lectures in the fine arts ;   |v 1995) 
490 1 |a (Bollingen series ;   |v XXXV, 44) 
504 |a Περιλαμβάνει βιβλιογραφίες και ευρετήριο. 
650 0 |a Art  |x Historiography. 
650 0 |a Postmodernism. 
650 0 |a Art criticism  |x Philosophy. 
830 0 |a Bollingen series 
830 0 |a A. W. Mellon lectures in the fine arts ;  |v 1995 
852 |a INST  |b SYROS  |e 20071119  |h 701.18 DAN  |p 005500006975  |q 005500006975  |t BK  |y 0 
901 |a BIBL5-2007-3 
922 |a 5ΕΛΗ  |b 200710  |c ΕΠΕΑΕΚ2/ΤΜΣΠΣ  |d Παπασωτηρίου 
970 |a Κοντού  |b Παρασκευή  |z 19/11/2007